[Event "Summer Prague Open 2020 - A"]
 [Site "Olympik hotel, Sokolovska 138, Praha"]
 [Date "2020.08.13"]
 [Round "7"]
 [Board "21"]
 [White "Wiley, Tom E"]
 [Black "Kusa, Jakub"]
 [Result "1/2-1/2"]
  [WhiteElo "2150"]
 [BlackElo "2239"]
 [PlyCount "61"]
 [EventDate "2020.08.08"]
 [EventRounds "9"]
 [EventCountry "CZE"]

 1. d4 Nf6 2. c4 e6 3. Nc3 d5 4. cxd5 exd5 5. Bg5 Nbd7 6. e3 c6 7. Bd3 Be7 8.
 Qc2 Nh5 9. Bxe7 Qxe7 10. Nge2 h6 11. O-O O-O 12. Rab1 a5 13. a3 Re8 14. b4 axb4
 15. axb4 b5 16. e4 dxe4 17. Bxe4 Bb7 18. Bf3 Nhf6 19. Nc1 Nb6 20. Nd3 Nc4 21.
 Rbe1 Qc7 22. Nc5 Qb6 23. g3 Nd5 24. Nxd5 cxd5 25. Rxe8+ Rxe8 26. Ra1 g6 27. Kg2
 Kg7 28. Qc1 Ra8 29. Rxa8 Bxa8 30. Qa1 Bb7 31. h4  1/2-1/2

[Event "Summer Prague Open 2020 - A"]
 [Site "Olympik hotel, Sokolovska 138, Praha"]
 [Date "2020.08.13"]
 [Round "7"]
 [Board "22"]
 [White "Soubirou, Oriane"]
 [Black "Soural, Jan"]
 [Result "0-1"]
  [WhiteElo "2144"]
 [BlackElo "2234"]
 [PlyCount "62"]
 [EventDate "2020.08.08"]
 [EventRounds "9"]
 [EventCountry "CZE"]

 1. e4 d5 2. exd5 Qxd5 3. Nf3 Nf6 4. Be2 Bg4 5. c4 Qd8 6. d4 c6 7. Nc3 g6 8. h3
 Bxf3 9. Bxf3 Bg7 10. Be3 O-O 11. h4 Nbd7 12. h5 e5 13. hxg6 fxg6 14. d5 e4 15.
 Nxe4 Nxe4 16. Bxe4 Qe7 17. Bf3 Ne5 18. Be2 Nxc4 19. d6 Nxd6 20. Qb3+ Qf7 21.
 Qb4 Qf6 22. O-O-O Nf5 23. Bc4+ Kh8 24. Bc5 b5 25. Bd3 a5 26. Qb3 Rfd8 27. g4
 Nd4 28. Qc3 Rd5 29. Bxd4 Rxd4 30. Kb1 Rad8 31. Bc2 b4  0-1

[Event "Summer Prague Open 2020 - A"]
 [Site "Olympik hotel, Sokolovska 138, Praha"]
 [Date "2020.08.13"]
 [Round "7"]
 [Board "23"]
 [White "Pribyl, Viktor"]
 [Black "Marakovits, Nico"]
 [Result "0-1"]
  [WhiteElo "2221"]
 [BlackElo "2105"]
 [PlyCount "110"]
 [EventDate "2020.08.08"]
 [EventRounds "9"]
 [EventCountry "CZE"]

 1. d4 Nf6 2. c4 g6 3. Nc3 Bg7 4. e4 d6 5. Nf3 O-O 6. Be2 e5 7. d5 a5 8. Bg5 h6
 9. Be3 Ng4 10. Bd2 f5 11. h3 Nf6 12. exf5 gxf5 13. Qc1 Kh7 14. g4 fxg4 15. hxg4
 Nxg4 16. Ng5+ Kg8 17. Bxg4 Bxg4 18. Ne6 Bxe6 19. dxe6 Qf6 20. Rh2 Qxe6 21. Bxh6
 Bxh6 22. Qxh6 Qxh6 23. Rxh6 Kg7 24. Rh3 Na6 25. Ke2 Rh8 26. Rg1+ Kf7 27. Rf3+
 Ke6 28. Rg6+ Kd7 29. Rf7+ Kc6 30. Rgf6 Nc5 31. Nd5 Na6 32. b3 Rab8 33. a4 Rh3
 34. Rf3 Rxf3 35. Kxf3 Rh8 36. Kg2 Rh4 37. Re7 Rd4 38. Rg7 b6 39. Rg3 Kc5 40.
 Rg7 c6 41. Nf6 Kb4 42. Nd7 Kxb3 43. Nxb6 Nc5 44. Rc7 Nxa4 45. Nxa4 Kxa4 46.
 Rxc6 Kb4 47. Ra6 a4 48. Kf3 a3 49. Ke3 Kb3 50. f4 Rxf4 51. Rxd6 Rxc4 52. Rb6+
 Rb4 53. Rd6 a2 54. Rd3+ Kc4 55. Ra3 Rb3+  0-1

[Event "Summer Prague Open 2020 - A"]
 [Site "Olympik hotel, Sokolovska 138, Praha"]
 [Date "2020.08.13"]
 [Round "7"]
 [Board "24"]
 [White "Tirelli, Mauro"]
 [Black "Frank, Adam"]
 [Result "1-0"]
  [WhiteElo "2129"]
 [BlackElo "2219"]
 [PlyCount "75"]
 [EventDate "2020.08.08"]
 [EventRounds "9"]
 [EventCountry "CZE"]

 1. c4 g6 2. Nf3 Bg7 3. g3 Nf6 4. Bg2 d6 5. d4 O-O 6. b3 Nbd7 7. Bb2 e5 8. dxe5
 Ng4 9. Nc3 Ndxe5 10. Nxe5 Bxe5 11. O-O c6 12. Qd2 Bg7 13. Rad1 Be6 14. h3 Nf6
 15. Qxd6 Qa5 16. Qf4 Nd7 17. Qc1 Qh5 18. h4 h6 19. Bf3 Qf5 20. Ne4 Ne5 21. Bg2
 Qh5 22. f4 Ng4 23. Bxg7 Kxg7 24. Qc3+ f6 25. Bf3 Rae8 26. Rd6 Qf5 27. Rfd1 h5
 28. Qd4 Bc8 29. Rd3 Nh6 30. Nxf6 Rxf6 31. e4 Qe6 32. Rxe6 Bxe6 33. Qxa7 Rf7 34.
 Qc5 Bg4 35. Bxg4 Nxg4 36. e5 Nh6 37. a4 Nf5 38. a5  1-0

[Event "Summer Prague Open 2020 - A"]
 [Site "Olympik hotel, Sokolovska 138, Praha"]
 [Date "2020.08.13"]
 [Round "7"]
 [Board "25"]
 [White "Jun, Rudolf"]
 [Black "Schernthaner, David"]
 [Result "1/2-1/2"]
  [WhiteElo "2094"]
 [BlackElo "2215"]
 [PlyCount "108"]
 [EventDate "2020.08.08"]
 [EventRounds "9"]
 [EventCountry "CZE"]

 1. e4 c5 2. Nf3 d6 3. Bb5+ Nd7 4. O-O Ngf6 5. Re1 a6 6. Bd3 e5 7. c3 Be7 8. Bc2
 O-O 9. d4 b5 10. Nbd2 Bb7 11. Nf1 Re8 12. Ng3 g6 13. d5 c4 14. h4 h5 15. Nf1
 Ng4 16. g3 Nc5 17. Ne3 Bc8 18. Nh2 Nxh2 19. Kxh2 Kg7 20. b4 cxb3 21. axb3 Qc7
 22. Bb2 Nd7 23. c4 bxc4 24. bxc4 Nc5 25. f4 Qd7 26. fxe5 Qh3+ 27. Kg1 Qxg3+ 28.
 Ng2 Bh3 29. Qd2 dxe5 30. Re3 Qxg2+ 31. Qxg2 Bxg2 32. Bxe5+ Bf6 33. Bxf6+ Kxf6
 34. Kxg2 Ke5 35. Rf3 Re7 36. Rd1 Rd7 37. Rdf1 Raa7 38. Rg3 Kd4 39. Rd1+ Kxc4
 40. Ra3 a5 41. Kf3 Kb4 42. Raa1 a4 43. Rab1+ Kc3 44. Rdc1 Kd4 45. Rd1+ Ke5 46.
 Rb5 Nb3 47. Bxb3 axb3 48. Rxb3 Ra4 49. Re1 Rc7 50. Ree3 Ra6 51. Rb8 Rf6+ 52.
 Kg3 Re7 53. Rf3 Rxf3+ 54. Kxf3 f5  1/2-1/2

[Event "Summer Prague Open 2020 - A"]
 [Site "Olympik hotel, Sokolovska 138, Praha"]
 [Date "2020.08.13"]
 [Round "7"]
 [Board "26"]
 [White "Bakiev, Diyor"]
 [Black "Kulhanek, Tomas"]
 [Result "0-1"]
  [WhiteElo "2098"]
 [BlackElo "2339"]
 [PlyCount "70"]
 [EventDate "2020.08.08"]
 [EventRounds "9"]
 [EventCountry "CZE"]

 1. e4 e6 2. d4 d5 3. e5 c5 4. c3 Qb6 5. Nf3 Nc6 6. a3 Nh6 7. b4 cxd4 8. cxd4
 Nf5 9. Bb2 Bd7 10. g4 Nfe7 11. Nc3 Na5 12. Rc1 Rc8 13. Nd2 Ng6 14. h4 Be7 15.
 g5 O-O 16. h5 Nf4 17. Nf3 Nc4 18. Bxc4 dxc4 19. Kf1 Bc6 20. Rh4 Nd3 21. Rc2
 Bxf3 22. Qxf3 Bxg5 23. Rg4 f6 24. Qg3 Kh8 25. Kg1 Bh6 26. exf6 gxf6 27. d5 e5
 28. Na4 Qd6 29. Nc5 Qxd5 30. Nxd3 cxd3 31. Rxc8 Rxc8 32. Qh4 Qe6 33. Kh2 d2 34.
 Rg1 Bf4+ 35. Kh1 Qd5+  0-1

[Event "Summer Prague Open 2020 - A"]
 [Site "Olympik hotel, Sokolovska 138, Praha"]
 [Date "2020.08.13"]
 [Round "7"]
 [Board "27"]
 [White "Mica, Marek"]
 [Black "Hagner, Bennet"]
 [Result "1-0"]
  [WhiteElo "2315"]
 [BlackElo "2096"]
 [PlyCount "97"]
 [EventDate "2020.08.08"]
 [EventRounds "9"]
 [EventCountry "CZE"]

 1. d4 d5 2. c4 c6 3. Nc3 Nf6 4. Nf3 e6 5. Bg5 dxc4 6. e4 b5 7. e5 h6 8. Bh4 g5
 9. Nxg5 hxg5 10. Bxg5 Nbd7 11. g3 Bb7 12. Bg2 Qb6 13. exf6 O-O-O 14. O-O c5 15.
 d5 b4 16. Na4 Qa6 17. a3 Bxd5 18. Bxd5 Ne5 19. Nxc5 Bxc5 20. Qe2 Rxd5 21. axb4
 Qc6 22. bxc5 Rxc5 23. f3 a5 24. Be3 Rb5 25. b3 Rxb3 26. Rxa5 Rh5 27. Ra2 Rf5
 28. f4 Qe4 29. Ba7 Nf3+ 30. Kg2 Ne1+ 31. Kg1 Nf3+ 32. Kh1 Qc6 33. Qg2 Rh5 34.
 Bg1 Qd5 35. Raf2 Nxg1 36. Kxg1 c3 37. Rc1 Kd7 38. Qf1 Ke8 39. Qa6 Qd7 40. Qa8+
 Qd8 41. Qc6+ Qd7 42. Rxc3 Rxc3 43. Qxc3 Rd5 44. Rc2 Rf5 45. Qa1 Rxf6 46. Ra2
 Qd3 47. Ra8+ Ke7 48. Qa7+ Qd7 49. Qc5+  1-0

[Event "Summer Prague Open 2020 - A"]
 [Site "Olympik hotel, Sokolovska 138, Praha"]
 [Date "2020.08.13"]
 [Round "7"]
 [Board "28"]
 [White "Biastoch, Bennet"]
 [Black "Llopis de Aysa, Manuel"]
 [Result "1/2-1/2"]
  [WhiteElo "2315"]
 [BlackElo "2067"]
 [PlyCount "120"]
 [EventDate "2020.08.08"]
 [EventRounds "9"]
 [EventCountry "CZE"]

 1. e4 d6 2. d4 Nf6 3. Nc3 e5 4. dxe5 dxe5 5. Qxd8+ Kxd8 6. Bc4 Be6 7. Bxe6 fxe6
 8. Be3 Bd6 9. O-O-O Ke7 10. Nge2 a6 11. Rhf1 b5 12. f3 Nc6 13. g3 h6 14. a3 g5
 15. f4 gxf4 16. gxf4 exf4 17. Nxf4 Ne5 18. Bd4 Rhg8 19. Nd3 Nfd7 20. h3 Raf8
 21. Ne2 Nxd3+ 22. cxd3 Bc5 23. Bc3 Be3+ 24. Bd2 Bxd2+ 25. Kxd2 Rg2 26. Rxf8
 Nxf8 27. Rg1 Rxg1 28. Nxg1 c5 29. Ke3 Ng6 30. Nf3 e5 31. b4 Kd6 32. Nd2 Nf8 33.
 bxc5+ Kxc5 34. Nb3+ Kd6 35. d4 exd4+ 36. Nxd4 Ke5 37. Nf5 a5 38. Nxh6 b4 39.
 axb4 axb4 40. Ng4+ Ke6 41. h4 Kf7 42. h5 Ne6 43. e5 Kg7 44. Kd2 Nc5 45. Kc2 b3+
 46. Kc3 b2 47. Kc2 Kh7 48. Kb1 Kg7 49. Nf2 Kh6 50. Nd3 Ne6 51. Kxb2 Kxh5 52.
 Kc3 Kg6 53. Kc4 Kf7 54. Nb4 Ke7 55. Nd5+ Kd7 56. Nf6+ Ke7 57. Kd5 Nf4+ 58. Ke4
 Ng6 59. Nd5+ Kd7 60. Kf5 Nxe5  1/2-1/2

[Event "Summer Prague Open 2020 - A"]
 [Site "Olympik hotel, Sokolovska 138, Praha"]
 [Date "2020.08.13"]
 [Round "7"]
 [Board "29"]
 [White "Mirimanian, Hayk"]
 [Black "Fojt, Petr"]
 [Result "1-0"]
  [WhiteElo "2268"]
 [BlackElo "2050"]
 [PlyCount "105"]
 [EventDate "2020.08.08"]
 [EventRounds "9"]
 [EventCountry "CZE"]

 1. e4 c5 2. Nf3 Nc6 3. d4 cxd4 4. Nxd4 Nf6 5. Nc3 d6 6. Be2 e5 7. Nb3 Be6 8.
 O-O Be7 9. Re1 O-O 10. Bg5 Nxe4 11. Nxe4 Bxg5 12. Nxd6 Be7 13. Nc4 Qc7 14. c3
 Rad8 15. Qc2 f5 16. Rad1 g6 17. Bf1 Bf7 18. Nbd2 Bf6 19. b4 Bg7 20. Nf3 b5 21.
 Na3 a6 22. Ng5 e4 23. Nxf7 Qxf7 24. c4 Nxb4 25. Qb3 Nd3 26. Bxd3 Rxd3 27. Rxd3
 exd3 28. Qxd3 bxc4 29. Nxc4 Bf6 30. h3 Rd8 31. Qe2 Kg7 32. a3 Qd5 33. Rb1 a5
 34. a4 Qd3 35. Rb7+ Kh6 36. Qe6 Rf8 37. Rd7 Qc3 38. g3 f4 39. gxf4 Qc1+ 40. Kg2
 Qxf4 41. Ne3 Bd8 42. Ng4+ Kg5 43. Rxd8 Qf3+ 44. Kg1 Rxd8 45. Qe7+ Kh5 46. Qxh7+
 Kg5 47. Qe7+ Kh5 48. Qxd8 Qxh3 49. Nf6+ Kg5 50. Nd5+ Kg4 51. Qd7+ Kg5 52. f4+
 Kh4 53. Qh7+  1-0

[Event "Summer Prague Open 2020 - A"]
 [Site "Olympik hotel, Sokolovska 138, Praha"]
 [Date "2020.08.13"]
 [Round "7"]
 [Board "30"]
 [White "Nehyba, Martin"]
 [Black "Skalsky, Alexandr"]
 [Result "1/2-1/2"]
  [WhiteElo "2060"]
 [BlackElo "2236"]
 [PlyCount "167"]
 [EventDate "2020.08.08"]
 [EventRounds "9"]
 [EventCountry "CZE"]

 1. e4 c5 2. c3 d5 3. exd5 Qxd5 4. d4 Nc6 5. Nf3 Bf5 6. dxc5 Qxd1+ 7. Kxd1 e6 8.
 b4 Nf6 9. Be3 Nd5 10. Bc4 Nxe3+ 11. fxe3 a5 12. Nd4 axb4 13. Nxc6 bxc6 14. cxb4
 Be7 15. Nc3 Bf6 16. Rc1 Ke7 17. e4 Rad8+ 18. Kc2 Bxc3 19. exf5 Bxb4 20. fxe6
 Rd4 21. Bb3 fxe6 22. Kb1 Rhd8 23. Rhd1 Rxd1 24. Rxd1 Rxd1+ 25. Bxd1 Bxc5 26.
 Bf3 Kd6 27. Kc2 Bg1 28. h3 Kc5 29. Bg4 Kd5 30. Bf3+ Kc5 31. Bg4 e5 32. Kd3 Kd5
 33. Bf3+ Kc5 34. Bg4 Kd5 35. Bf3+ Kd6 36. Kc4 Bf2 37. Kd3 Bd4 38. Kc4 Kc7 39.
 Bg4 Bf2 40. Bf3 Kb6 41. Be4 h6 42. Bf3 Kc7 43. Be4 Kd6 44. Bf3 Be1 45. Be4 h5
 46. Bf3 h4 47. Be4 Bd2 48. Kd3 Ba5 49. Bf3 Kc5 50. Be4 Be1 51. Bf3 Bb4 52. Be4
 Ba3 53. Bf3 Kb5 54. Be4 c5 55. Bd5 Bc1 56. Be6 Kb4 57. Bd5 Bb2 58. Be6 c4+ 59.
 Ke4 Bd4 60. Bd5 Kb5 61. Be6 Kb4 62. Bd5 g5 63. Bf7 c3 64. Kd3 e4+ 65. Kc2 e3
 66. Bh5 Kc5 67. Kd3 Kd5 68. a4 Kc5 69. Bg4 Kb4 70. Bd1 Ka3 71. a5 Kb2 72. a6
 Bb6 73. Ba4 Ba7 74. Bd1 Bb6 75. Ba4 Bc5 76. Bd1 e2 77. Kxe2 c2 78. Bxc2 Kxc2
 79. Kf3 Kd3 80. g3 hxg3 81. Kxg3 Ke4 82. Kg4 Be3 83. h4 gxh4 84. Kxh4  1/2-1/2

[Event "Summer Prague Open 2020 - B"]
 [Site "Olympik hotel, Sokolovska 138,"]
 [Date "2020.08.13"]
 [Round "7"]
 [White "Krupansky, Jaromir"]
 [Black "Leitgeb, Julian"]
 [Result "0-1"]
  [WhiteElo "1661"]
 [BlackElo "1470"]
 [PlyCount "84"]
 [EventDate "2020.08.08"]

 1. e4 c5 2. Nf3 e6 3. d4 cxd4 4. Qxd4 Nc6 5. Qd3 Qc7 6. c3 Nf6 7. Be2 Be7 8. h3
 b6 9. Be3 Bb7 10. Nbd2 Rc8 11. O-O O-O 12. Rfe1 d5 13. Rad1 Rfd8 14. Qb1 dxe4
 15. Nxe4 Nxe4 16. Qxe4 Nd4 17. Qb1 Nxe2+ 18. Rxe2 Bxf3 19. gxf3 Rxd1+ 20. Qxd1
 Rd8 21. Qa4 Qd7 22. Qxd7 Rxd7 23. Bd4 Bc5 24. Bxc5 bxc5 25. Re5 Rc7 26. Kf1 Kf8
 27. Ke2 Ke7 28. Rh5 h6 29. Kd3 c4+ 30. Ke2 f5 31. Rh4 e5 32. Kd2 Kf6 33. b3 e4
 34. f4 cxb3 35. axb3 a5 36. Rh5 Rd7+ 37. Kc2 Rd3 38. c4 Rf3 39. c5 Rxf2+ 40.
 Kc1 Rf3 41. Kc2 Rd3 42. Rh4 Rd5 0-1

[Event "Summer Prague Open 2020 - B"]
 [Site "Olympik hotel, Sokolovska 138,"]
 [Date "2020.08.13"]
 [Round "7"]
 [White "Kalvach, Ladislav"]
 [Black "Svanda, Adam"]
 [Result "0-1"]
  [WhiteElo "1761"]
 [BlackElo "1852"]
 [PlyCount "64"]
 [EventDate "2020.08.08"]

 1. d4 Nf6 2. c4 g6 3. Nc3 d5 4. Nf3 Bg7 5. Bg5 Ne4 6. Bf4 Nxc3 7. bxc3 c5 8.
 cxd5 Qxd5 9. Bxb8 Rxb8 10. Qa4+ Bd7 11. Qxa7 O-O 12. Qa3 cxd4 13. cxd4 Bxd4 14.
 Nxd4 Qxd4 15. Rd1 Qa4 16. Qxa4 Bxa4 17. Rd4 Ra8 18. h4 Rfd8 19. Rxd8+ Rxd8 20.
 f3 Rd1+ 21. Kf2 Ra1 22. h5 gxh5 23. Rxh5 Rxa2 24. g3 b5 25. Bh3 e6 26. Rh4 Rb2
 27. Rd4 b4 28. f4 Bc2 29. Rd8+ Kg7 30. g4 b3 31. f5 exf5 32. gxf5 Ra2 0-1

[Event "Summer Prague Open 2020 - B"]
 [Site "Olympik hotel, Sokolovska 138,"]
 [Date "2020.08.13"]
 [Round "7"]
 [White "Kievelitz, Bernd"]
 [Black "Hochscheidt, Lukas"]
 [Result "1/2-1/2"]
  [WhiteElo "1848"]
 [BlackElo "1754"]
 [PlyCount "78"]
 [EventDate "2020.08.08"]

 1. Nf3 g6 2. c4 Bg7 3. Nc3 d6 4. d4 c5 5. e3 cxd4 6. exd4 Nf6 7. Be2 O-O 8. O-O
 Nbd7 9. h3 e5 10. d5 Nc5 11. Be3 Nce4 12. Nxe4 Nxe4 13. Bd3 f5 14. Bxe4 fxe4
 15. Nd2 Qh4 16. f3 exf3 17. Rxf3 Bd7 18. Bf2 Qe7 19. Qe2 Rxf3 20. Nxf3 a5 21.
 Re1 Re8 22. b3 Bh6 23. Nd2 b5 24. cxb5 Qf7 25. Ne4 Rf8 26. Nxd6 Qxd5 27. Qc4
 Qxc4 28. bxc4 Bd2 29. Rd1 Bb4 30. a4 Be6 31. c5 Bb3 32. Rc1 Bxa4 33. b6 Bc6 34.
 Be1 Ba3 35. Rc2 Ba4 36. Rc4 Bb3 37. Rc3 Bb4 38. Rxb3 Bxc5+ 39. Kh2 Bxd6 1/2-1/2

[Event "Summer Prague Open 2020 - B"]
 [Site "Olympik hotel, Sokolovska 138,"]
 [Date "2020.08.13"]
 [Round "7"]
 [White "Karlsson, Peter 1965"]
 [Black "Klimek, Petr"]
 [Result "1/2-1/2"]
  [WhiteElo "1759"]
 [BlackElo "1833"]
 [Annotator "Stanice"]
 [PlyCount "45"]
 [EventDate "2020.08.08"]

 1. e4 e6 2. d4 d5 3. Nc3 Nf6 4. exd5 exd5 5. Bd3 Bd6 6. Nge2 O-O 7. h3 c5 8.
 dxc5 Bxc5 9. O-O h6 10. Ng3 Nc6 11. Nce2 Ne5 12. c3 Be6 13. Nd4 Bxd4 14. cxd4
 Nxd3 15. Qxd3 Qd6 16. Be3 $11 Rac8 17. Rac1 Bd7 18. a3 a6 19. Rfe1 Rxc1 20.
 Rxc1 Rc8 21. Rxc8+ Bxc8 22. Qc2 Qc6 23. Qc5 1/2-1/2

[Event "Summer Prague Open 2020 - B"]
 [Site "Olympik hotel, Sokolovska 138,"]
 [Date "2020.08.13"]
 [Round "7"]
 [White "Baecker, Daniel"]
 [Black "Vargas Drechsler, Carlos"]
 [Result "0-1"]
  [WhiteElo "1482"]
 [BlackElo "1829"]
 [PlyCount "88"]
 [EventDate "2020.08.08"]

 1. e4 e5 2. Nf3 Nc6 3. d4 exd4 4. Nxd4 Bc5 5. Nxc6 Qf6 6. Qd2 dxc6 7. Nc3 Be6
 8. Na4 Bb6 9. Nxb6 axb6 10. Qf4 O-O-O 11. Qxf6 Nxf6 12. Bg5 Rd4 13. f3 Re8 14.
 Bxf6 gxf6 15. Rd1 Ra4 16. a3 f5 17. Bd3 fxe4 18. Bxe4 f5 19. Bd3 c5 20. Bb5
 Bd7+ 21. Be2 Bb5 22. c4 Bxc4 23. Rd2 Ba6 24. Kf2 Rd4 25. Rc2 Red8 26. Bxa6 bxa6
 27. Re1 Rd2+ 28. Rxd2 Rxd2+ 29. Re2 Rxe2+ 30. Kxe2 Kd7 31. Kd3 Kd6 32. g4 fxg4
 33. fxg4 Ke5 34. Ke3 b5 35. h4 a5 36. Kf3 c4 37. h5 c5 38. Ke3 a4 39. g5 Kf5
 40. g6 hxg6 41. hxg6 Kxg6 42. Kd2 b4 43. Kc2 Kf5 44. Kd2 Ke4 0-1

[Event "Summer Prague Open 2020 - B"]
 [Site "Olympik hotel, Sokolovska 138,"]
 [Date "2020.08.13"]
 [Round "7"]
 [White "Ollivier, Clemence"]
 [Black "Ziabari, Morteza"]
 [Result "1-0"]
  [WhiteElo "1684"]
 [BlackElo "1850"]
 [PlyCount "117"]
 [EventDate "2020.08.08"]

 1. d4 d5 2. Bf4 Nf6 3. e3 Nc6 4. c4 Bf5 5. Nc3 e6 6. a3 Bd6 7. Bg3 a6 8. Nf3
 O-O 9. Nh4 Bg4 10. Be2 Bxe2 11. Qxe2 Re8 12. Nf3 dxc4 13. Qxc4 e5 14. dxe5 Nxe5
 15. Nxe5 Bxe5 16. Rd1 Qe7 17. Nd5 Nxd5 18. Bxe5 Nxe3 19. fxe3 Qxe5 20. O-O
 Qxe3+ 21. Kh1 Re7 22. h3 Qe6 23. Qb4 Rd7 24. Rxd7 Qxd7 25. Qxb7 Qc8 26. Qf3 Qf8
 27. Qc6 Qd8 28. Qc4 Qd7 29. Rc1 g6 30. Qxc7 Qb5 31. Qc6 Qb8 32. b4 Qf8 33. Qc4
 h5 34. Rf1 Kg7 35. Qd4+ Kg8 36. Qc4 Kg7 37. Qc6 Qe8 38. Qb7 a5 39. b5 Rb8 40.
 Rxf7+ Kh6 41. Rh7+ Kg5 42. Qd5+ Kf6 43. Qd6+ Kf5 44. Qd5+ Kf6 45. Qf3+ Ke6 46.
 Qe4+ Kd6 47. Qxe8 Rxe8 48. Ra7 Kc5 49. a4 Re6 50. Rxa5 g5 51. Ra8 Rg6 52. Kh2
 Kb4 53. Ra6 Rg8 54. b6 Rb8 55. a5 h4 56. Ra7 Kb5 57. b7 Kc6 58. a6 Kc7 59. Ra8
 1-0

[Event "Summer Prague Open 2020 - B"]
 [Site "Olympik hotel, Sokolovska 138,"]
 [Date "2020.08.13"]
 [Round "7"]
 [White "Svetly, Jiri"]
 [Black "Froeyman, Hugo"]
 [Result "1-0"]
  [WhiteElo "1835"]
 [BlackElo "1679"]
 [PlyCount "97"]
 [EventDate "2020.08.08"]

 1. d4 Nf6 2. c4 g6 3. Nc3 d5 4. cxd5 Nxd5 5. Bd2 Bg7 6. e4 Nxc3 7. Bxc3 c5 8.
 d5 Bxc3+ 9. bxc3 O-O 10. Be2 f5 11. e5 f4 12. Qb3 e6 13. O-O-O Qb6 14. d6 Qxb3
 15. axb3 Bd7 16. Bf3 Nc6 17. Bxc6 Bxc6 18. f3 Rf5 19. Re1 a5 20. Nh3 a4 21.
 bxa4 Rxa4 22. Nf2 c4 23. Ng4 Rf8 24. Kb2 Ra5 25. Ra1 Rb5+ 26. Kc2 Kg7 27. Rhe1
 Rd8 28. Ra7 g5 29. Rb1 Rxb1 30. Kxb1 Kg6 31. Ra2 Kf5 32. Re2 Kg6 33. h3 Ra8 34.
 Nf6 Rd8 35. Kb2 h6 36. Ka3 Kf5 37. Kb4 Rc8 38. Ka5 Kg6 39. Kb6 Kf7 40. d7 Rd8
 41. Rd2 Ke7 42. Rd4 Bd5 43. Kc7 Ra8 44. Nxd5+ exd5 45. Rxd5 Rd8 46. e6 b5 47.
 Rxb5 Ra8 48. Rb8 Ra7+ 49. Kb6 1-0

[Event "Summer Prague Open 2020 - B"]
 [Site "Olympik hotel, Sokolovska 138,"]
 [Date "2020.08.13"]
 [Round "7"]
 [White "Spanton, Tim R"]
 [Black "Pejrimovsky, Tadeas Rubel"]
 [Result "1-0"]
  [WhiteElo "1831"]
 [BlackElo "1412"]
 [PlyCount "63"]
 [EventDate "2020.08.08"]

 1. e4 c5 2. Nf3 Nc6 3. Bb5 g6 4. c3 Bg7 5. d4 a6 6. Ba4 b5 7. Bc2 e6 8. dxc5
 Nf6 9. Bf4 O-O 10. Bd6 Re8 11. O-O Na5 12. Nbd2 Nb7 13. e5 Nd5 14. Ne4 f5 15.
 exf6 Nxf6 16. Nxf6+ Bxf6 17. Be4 Ra7 18. Qd3 Nxd6 19. cxd6 Bb7 20. Rfd1 Bxe4
 21. Qxe4 Qb6 22. Rd2 Rc8 23. Ne5 Rc5 24. Nf3 Ra8 25. Qxa8+ Kf7 26. Rad1 Rc6 27.
 Rd3 e5 28. Rd5 e4 29. Ne5+ Bxe5 30. Rxe5 Rxd6 31. Qe8+ Kg7 32. Qe7+ 1-0

[Event "Summer Prague Open 2020 - B"]
 [Site "Olympik hotel, Sokolovska 138,"]
 [Date "2020.08.13"]
 [Round "7"]
 [White "Arnold, Frieda"]
 [Black "Lihotsky, Lukas"]
 [Result "1-0"]
  [WhiteElo "1789"]
 [BlackElo "1529"]
 [PlyCount "51"]
 [EventDate "2020.08.08"]

 1. e4 c6 2. d4 d5 3. exd5 cxd5 4. c4 Nf6 5. Bg5 dxc4 6. Bxc4 e6 7. Nc3 Bb4 8.
 Nf3 O-O 9. O-O Nbd7 10. Rc1 Nb6 11. Bd3 Be7 12. Re1 Nfd5 13. Bd2 Bd7 14. Ne5
 Bf6 15. Ne4 Qe7 16. Qh5 g6 17. Nxf6+ Nxf6 18. Qf3 Nbd5 19. Bg5 Kg7 20. Qh3 Rfc8
 21. Qh6+ Kg8 22. Qh4 Kg7 23. Bc4 Qe8 24. Rc3 Bb5 25. Bxb5 Qxb5 26. Rf3 1-0

[Event "Summer Prague Open 2020 - B"]
 [Site "Olympik hotel, Sokolovska 138,"]
 [Date "2020.08.13"]
 [Round "7"]
 [White "Herter, Arne"]
 [Black "Turicar, Goran"]
 [Result "1-0"]
  [WhiteElo "1613"]
 [BlackElo "1768"]
 [PlyCount "129"]
 [EventDate "2020.08.08"]

 1. e4 c5 2. Nf3 e6 3. d4 cxd4 4. Nxd4 a6 5. Nc3 Qc7 6. Bd3 Nc6 7. Nxc6 dxc6 8.
 O-O e5 9. f4 Bc5+ 10. Kh1 Nf6 11. Ne2 Ng4 12. Qe1 Qb6 13. h3 Bf2 14. Qc3 Qd8
 15. Ng1 Bd4 16. Qa3 Nf2+ 17. Kh2 c5 18. Nf3 O-O 19. Nxe5 Qc7 20. Nf3 Nxd3 21.
 Qxd3 Bf6 22. e5 Be7 23. b3 b5 24. c4 Rd8 25. Qc2 Bb7 26. Bb2 h6 27. f5 Rd7 28.
 Kh1 Bxf3 29. Rxf3 Rad8 30. Rf2 Bh4 31. Re2 Bg5 32. e6 Rd2 33. exf7+ Kxf7 34.
 Rxd2 Rxd2 35. Qc3 Kg8 36. Qe5 Qxe5 37. Bxe5 Rf2 38. g4 Re2 39. Bd6 Bf6 40. Rc1
 bxc4 41. Rxc4 Rxa2 42. Bxc5 Be5 43. Re4 Bf6 44. b4 Bh4 45. Re8+ Kh7 46. Re6 Bg3
 47. Re7 Bh4 48. Ra7 Ra1+ 49. Kg2 Ra2+ 50. Kf3 Ra3+ 51. Ke4 Bf6 52. h4 Bc3 53.
 g5 hxg5 54. hxg5 a5 55. b5 Ra4+ 56. Kd5 Rg4 57. Be3 Kg8 58. g6 Kf8 59. Bc5+ Ke8
 60. Kc6 Bf6 61. b6 Rg3 62. b7 Rb3 63. Ra8+ Bd8 64. Rxd8+ Kxd8 65. Bb6+ 1-0

[Event "Summer Prague Open 2020 - A"]
 [Site "Olympik hotel, Sokolovska 138, Praha"]
 [Date "2020.08.14"]
 [Round "8"]
 [Board "2"]
 [White "Neuman, Petr"]
 [Black "Christiansen, Johan-Sebastian"]
 [Result "1/2-1/2"]
  [WhiteElo "2380"]
 [BlackElo "2616"]
 [PlyCount "88"]
 [EventDate "2020.08.08"]
 [EventRounds "9"]
 [EventCountry "CZE"]

 1. e4 e5 2. Nf3 Nc6 3. d4 exd4 4. Nxd4 Nf6 5. Nc3 Bb4 6. Nxc6 bxc6 7. Bd3 d5 8.
 exd5 O-O 9. O-O cxd5 10. h3 c6 11. Qf3 Be7 12. Ne2 Re8 13. Nd4 Qb6 14. Nf5 Bxf5
 15. Qxf5 Bc5 16. Rb1 Ne4 17. b4 Bd4 18. Bxe4 Rxe4 19. c4 g6 20. Qf3 Rae8 21.
 cxd5 cxd5 22. a3 Qb5 23. Bh6 Bh8 24. Rfd1 d4 25. Rbc1 Qe5 26. Bd2 Qd5 27. Qd3
 Qf5 28. f3 Re2 29. Qxf5 gxf5 30. Kf1 d3 31. Rc4 Bb2 32. a4 R8e6 33. Be1 Rc2 34.
 Rc5 Ba3 35. Rd5 Rc4 36. b5 Rxa4 37. R1xd3 Bb2 38. Bd2 f4 39. Rd6 Be5 40. Rxe6
 fxe6 41. Rd7 Ra2 42. Be1 Rb2 43. Rxa7 Rxb5 44. Ra5 Rxa5  1/2-1/2

[Event "Summer Prague Open 2020 - A"]
 [Site "Olympik hotel, Sokolovska 138, Praha"]
 [Date "2020.08.14"]
 [Round "8"]
 [Board "6"]
 [White "Vokac, Marek"]
 [Black "Defromont, Benjamin"]
 [Result "1-0"]
  [WhiteElo "2362"]
 [BlackElo "2236"]
 [PlyCount "125"]
 [EventDate "2020.08.08"]
 [EventRounds "9"]
 [EventCountry "CZE"]

 1. Nf3 d5 2. b3 Nf6 3. Bb2 e6 4. c4 c5 5. cxd5 exd5 6. g3 Nc6 7. Bg2 d4 8. O-O
 Be7 9. Na3 O-O 10. e3 Bf5 11. Re1 Re8 12. Nc4 Nb4 13. exd4 Nd3 14. Re3 Nxb2 15.
 Nxb2 cxd4 16. Re5 Qd7 17. Nc4 b5 18. Na5 Bb4 19. Nc6 Qxc6 20. Rxf5 Rad8 21. Rf4
 Qb6 22. Qf1 Ne4 23. Qd3 Nc5 24. Qf5 Qe6 25. Qb1 Qg6 26. Qxg6 hxg6 27. Rxd4 Rxd4
 28. Nxd4 Bxd2 29. Nxb5 a6 30. Nd6 Rd8 31. Nc4 Bc3 32. Rc1 Bd4 33. Rc2 Re8 34.
 Bd5 Nd3 35. Bxf7+ Kxf7 36. Nd6+ Kf8 37. Nxe8 Kxe8 38. Rd2 Ne5 39. Kg2 Nc6 40.
 Kf3 Ke7 41. Ke4 Bf6 42. f4 Ke6 43. Rc2 Kd6 44. h4 a5 45. Rh2 Ke6 46. g4 Bd8 47.
 h5 gxh5 48. Rxh5 Nb4 49. a3 Nc2 50. Re5+ Kf7 51. Rd5 Ke8 52. a4 Nb4 53. Rb5 Nc6
 54. Rb7 Kf8 55. g5 Be7 56. Kd5 Nb4+ 57. Ke6 Nc6 58. Kd7 Nb4 59. g6 Na6 60. Ra7
 Nc5+ 61. Kc6 Ne6 62. Ra8+ Nd8+ 63. Kd7  1-0